Real Madrid 2020s Champions League Scorers - Statistics

General Stats
  • This quiz has been taken 85 times
  • The average score is 19 of 24
Answer Stats
Goals Nationality Player % Correct
25 Brazilian Rodrygo
100%
30 French Karim Benzema
99%
29 Brazilian Vinicius Junior
99%
4 Croatian Luka Modric
97%
3 Uruguayan Federico Valverde
95%
7 English Jude Bellingham
95%
3 German Toni Kroos
95%
1 Austrian David Alaba
92%
3 German Antonio Rudiger
89%
1 Spanish Dani Carvajal
89%
4 Moroccan Brahim Diaz
87%
7 French Kylian Mbappe
87%
2 Brazilian Casemiro
80%
2 Belgian Eden Hazard
80%
4 Spanish Sergio Ramos
80%
1 French Ferland Mendy
79%
6 Spanish Marco Asensio
78%
1 Brazilian Eder Militao
76%
1 Brazilian Endrick
64%
1 Spanish Lucas Vazquez
64%
5 Spanish Joselu
63%
1 Spanish Isco
62%
1 Spanish Dani Ceballos
61%
1 Argentine Nico Paz
37%
No matching quizzes found
Score Distribution
Percent of People with Each Score
Percentile by Number Answered
Your Score History
You have not taken this quiz